00727nam a2200157Ia 4500008004100000100002700041245009600068245016500164260005300329260000900382300001000391650001500401856006100416999001900477952007300496170221s9999 xx 000 0 und d aVladimir A. Mishchenko aFeatures of Structural and Functional Model of Students’ Professional Mobility Formation  cVladimir A. Mishchenko, Natalya V. Кharina, Anna V. Molokova, Irina L. Belenok, Aleksandr A. Nikitin, Olga A. Nikitina, Valery F. Glushkov, Nadezhda V. Silkina bInternational Review of Management and Marketing c2016 a6 : 1 xMarketing. uhttp://www.econjournals.com/index.php/irmm/issue/view/64 c308252d308252 001040aCLbCLd2017-02-21l0r2017-02-21 00:00:00w2017-02-21yFOJ